000 00761nam a22002292 4500
001 0000019281
005 20151217152151.0
008 101023s xx 000 0 eng d
020 _a0132074281 :
040 _aKABU
_cKABU
245 1 0 _aIntroduction to governmental and not-for-profit accounting /
_cMartin Ives ... [et al.].
250 _a6th ed.
260 _aUpper Saddle River, NJ. :
_bPearson,
_c2009.
300 _axviii, 647 p.
650 0 _aFund accounting.
_@0000178968
650 0 _aFinance, Public
_xAccounting.
_@0000178935
650 0 _aNonprofit organizations.
_xAccounting.
_@0000178969
700 1 _aIves, Martin.
_@0000178970
852 1 _9p8708.70 KES
908 _a101023
950 _@1
999 _c8916
_d8916